[Event "73rd NED-ch"]
[Site "Amsterdam NED"]
[Date "2017.07.02"]
[Round "7"]
[White "Van Foreest, Jorden"]
[Black "Sokolov, Ivan"]
[Result "1/2-1/2"]
[WhiteElo "2606"]
[BlackElo "2625"]
[EventDate "2017.06.26"]
[PlyCount "80"]

1.e4 e5 2.Nf3 Nc6 3.Bc4 Nf6 4.d3 Be7 5.O-O O-O 6.Re1 d6 7.a4 h6 8.h3 Nh7 
9.Nc3 Kh8 10.d4 Ng5 11.Bxg5 Bxg5 12.a5 exd4 13.Nxd4 Bf6 14.Nce2 a6 15.Nxc6
bxc6 16.Nd4 Bd7 17.c3 c5 18.Nf3 Bb5 19.Bxb5 axb5 20.Qd5 b4 21.e5 dxe5 22.
Qxc5 bxc3 23.bxc3 Qd6 24.Qc4 Ra7 25.Ra2 Rfa8 26.Rea1 e4 27.Nd4 e3 28.fxe3 
Qe5 29.Nb5 Rb7 30.Nd4 Qxe3+ 31.Kh1 Rab8 32.Rf1 Rb1 33.Ra1 R1b2 34.Rae1 Qg5
35.Qc6 Bxd4 36.cxd4 Qxa5 37.Re8+ Rxe8 38.Qxe8+ Kh7 39.Qe4+ Kg8 40.Qe8+ Kh7
1/2-1/2